[Event "St Petersburg Rapid Cup 2012"]
[Site "St Petersburg RUS"]
[Date "2012.10.07"]
[Round "9.6"]
[White "Movsesian,S"]
[Black "Svidler,P"]
[Result "1/2-1/2"]
[WhiteElo "2699"]
[BlackElo "2747"]

1.c4 g6 2.Nc3 c5 3.g3 Bg7 4.Bg2 Nc6 5.d3 e6 6.Bxc6 bxc6 7.f4 Ne7 8.Nf3 Nf5
9.O-O O-O 10.e4 Nd4 11.e5 f6 12.Ne4 d5 13.Nxf6+ Bxf6 14.exf6 Nxf3+ 15.Qxf3 Qxf6
16.Be3 d4 17.Bd2 e5 18.Qg2 Bf5 19.fxe5 Qe6 20.Bh6 Bh3 21.Rxf8+ Rxf8 22.Qe4 Rf5
23.Qh4 Rxe5  1/2-1/2

[Event "St Petersburg Rapid Cup 2012"]
[Site "St Petersburg RUS"]
[Date "2012.10.07"]
[Round "11.5"]
[White "Movsesian,S"]
[Black "Vitiugov,N"]
[Result "1/2-1/2"]
[WhiteElo "2699"]
[BlackElo "2691"]

1.c4 c5 2.Nf3 Nc6 3.Nc3 Nf6 4.g3 d6 5.Bg2 g6 6.d4 cxd4 7.Nxd4 Bd7 8.O-O Bg7
9.Nc2 Ng4 10.Bd2 h5 11.h3 Nge5 12.Ne3 g5 13.Ne4 Bh6 14.Nd5 f5 15.Nxg5 e6
16.h4 exd5 17.cxd5 Ne7 18.e4 Ng4 19.exf5 Bxf5 20.Qe2 Bg7 21.Rae1 Be5 22.f3 Bd4+
23.Kh1 Ne5 24.f4 Bd3 25.Qd1 Bxf1 26.Bxf1 Nf5 27.Kg2 Qb6 28.Qa4+ Ke7 29.fxe5 Bxe5
30.Kh3 Qf2 31.Ne4 Qf3 32.Be2 b5 33.Bg5+ Kf8 34.Qc2 Nd4 35.Bxf3 Nxc2 36.Rf1 Kg7
37.Be7 Ne3 38.Re1 Nf5 39.Bg5 Rac8 40.g4 Rc2 41.gxh5 Rh2+ 42.Kg4 Rf8 43.h6+ Nxh6+
44.Kh5 Rh8 45.Rg1 Nf5+ 46.Kg4 Kg6 47.Bd1 Nxh4 48.Bf4 Rg2+ 49.Rxg2 Nxg2 50.Bxe5 dxe5
51.Kf3 Nf4 52.d6 Kf5 53.Bb3 Rh3+ 54.Ng3+ Kf6 55.Kg4 Rh7 56.Ne4+ Kg6 57.Bc2 Rh8
58.Nc3+ Kf6 59.Ne4+ Ke6 60.Bb3+ Kd7 61.Kf5 Rh5+ 62.Kf6 a5 63.a4 Rh6+ 64.Kxe5 Nd3+
65.Kd4 Nxb2 66.axb5 a4 67.Bd5 a3 68.b6 Rxd6 69.Nxd6 Kxd6 70.b7 Kc7 71.Ke4  1/2-1/2

[Event "TCh-CZE Extraliga 2012-13"]
[Site "Czech Republic CZE"]
[Date "2012.12.02"]
[Round "4.1"]
[White "Movsesian,S"]
[Black "Vitiugov,N"]
[Result "0-1"]
[WhiteElo "2688"]
[BlackElo "2700"]

1.c4 Nf6 2.Nf3 c6 3.d4 d5 4.e3 Bg4 5.h3 Bh5 6.Nc3 e6 7.Qb3 Qb6 8.Ne5 Nbd7
9.g4 Bg6 10.Nxg6 hxg6 11.Bg2 g5 12.Bd2 Be7 13.O-O-O Qxb3 14.axb3 Nb6 15.c5 Nbd7
16.b4 a6 17.f3 O-O-O 18.e4 Ne8 19.Rhf1 Nc7 20.f4 gxf4 21.Rxf4 f6 22.Rf2 dxe4
23.Nxe4 e5 24.Ng3 exd4 25.Nf5 Bf8 26.Bf4 Ne6 27.Nd6+ Bxd6 28.Bxd6 Ne5 29.Be4 Rxd6
30.cxd6 Kd7 31.g5 Nxg5 32.Bf5+ Kxd6 33.Rxd4+ Kc7 34.Rf1 g6 35.Bc2 f5 36.h4 Ngf3
37.Rf4 Nxh4 38.Rg1 Nhf3 39.Rf1 Rh3 40.Kd1 Nh4 41.Rg1 Ng4 42.Rfxg4 fxg4 43.Rxg4 Rh1+
44.Ke2 Rh2+ 45.Kd3 Nf3 46.Kc3 Rh3  0-1

[Event "TCh-CZE Extraliga 2012-13"]
[Site "Czech Republic CZE"]
[Date "2013.04.26"]
[Round "9.1"]
[White "Movsesian,S"]
[Black "Najer,E"]
[Result "1/2-1/2"]
[WhiteElo "2688"]
[BlackElo "2647"]

1.c4 e5 2.g3 Nf6 3.Bg2 Nc6 4.Nf3 Bc5 5.O-O d6 6.e3 O-O 7.d4 Bb6 8.h3 a6 9.Nc3 h6
10.a3 exd4 11.exd4 Ne7 12.b3 c6 13.Bb2 d5 14.c5 Bc7 15.Ne5 Nd7 16.Nd3 Re8
17.Qd2 Nf8 18.Rae1 Bf5 19.Ne5 f6 20.Ng4 Qd7 21.Qd1 Neg6 22.Bc1 Nh8 23.f4 Nf7
24.Nf2 Rxe1 25.Rxe1 Re8 26.Rxe8 Qxe8 27.b4 h5 28.Kf1 Ne6 29.Bf3 h4 30.g4 Bh7
31.Ne2 Qb8 32.Qd2 Kf8 33.Bg2 g5 34.f5 Nf4 35.Qc3 Bg8 36.Bf3 Nd8 37.Bxf4 Bxf4
38.Nd3 Bc7 39.a4 Bf7 40.Qb3 Qa8 41.Kg2 Be8 42.Nf2 Qa7 43.Qb2 Qa8 44.Nd1 Qa7
45.Ndc3 b6 46.b5 axb5 47.axb5 bxc5 48.bxc6 Bxc6 49.Nxd5 Bxd5 50.Bxd5 Qb6
51.Qxb6 Bxb6 52.dxc5 Bxc5 53.Kf3 Ke7 54.Ke4 Kd7 55.Nc3 Bb4 56.Na4 Nc6 57.Nb6+ Kc7
58.Bxc6 Kxb6 59.Kd5 Bc3  1/2-1/2

[Event "Movsesian-Markos m"]
[Site "Banska Stiavnica SVK"]
[Date "2013.07.15"]
[Round "1"]
[White "Markos,J"]
[Black "Movsesian,S"]
[Result "1/2-1/2"]
[WhiteElo "2580"]
[BlackElo "2699"]

1.d4 d5 2.c4 c6 3.Nc3 Nf6 4.e3 a6 5.Nf3 b5 6.b3 Bg4 7.Be2 Nbd7 8.O-O e6 9.h3 Bh5
10.Bb2 Bd6 11.Ne5 Bxe2 12.Nxe2 bxc4 13.bxc4 O-O 14.Qc2 Qc7 15.Nd3 Ne4 16.c5 Be7
17.f3 Ng3 18.Nxg3 Qxg3 19.Rab1 Bd8 20.Qf2 Qxf2+ 21.Kxf2 Ba5 22.Ba3 Rfb8 23.Bb4 Bc7
24.Bc3 Rxb1 25.Rxb1 Rb8 26.Rxb8+ Nxb8 27.g4 Kf8 28.e4 Ke7 29.e5  1/2-1/2

[Event "Movsesian-Markos m Blitz"]
[Site "Banska Stiavnica SVK"]
[Date "2013.07.15"]
[Round "1"]
[White "Movsesian,S"]
[Black "Markos,J"]
[Result "1-0"]
[WhiteElo "2699"]
[BlackElo "2580"]

1.c4 e5 2.g3 Nf6 3.Bg2 Nc6 4.Nc3 g6 5.Nf3 Bg7 6.d3 d6 7.O-O O-O 8.Rb1 a5
9.a3 Bd7 10.b4 axb4 11.axb4 Rb8 12.b5 Nd4 13.Nd2 Ne8 14.Ba3 f5 15.c5 Bc8
16.e3 Ne6 17.Qb3 Kh8 18.cxd6 Nxd6 19.Nd5 Re8 20.Rfc1 Ra8 21.Ra1 e4 22.dxe4 Bxa1
23.Rxa1 Kg8 24.Rc1 fxe4 25.Bb2 Rf8 26.Nxc7 Nc4 27.Nxe6 Qxd2 28.Nxf8 Qxb2
29.Qxc4+ Kxf8 30.Bxe4 Be6 31.Qc5+ Kf7 32.Bxb7 Rf8 33.Bd5 Kg7 34.Rf1 Bh3 35.Qe7+  1-0

[Event "Czech Open G1 Rapid 2013"]
[Site "Pardubice CZE"]
[Date "2013.07.17"]
[Round "1.1"]
[White "Movsesian,S"]
[Black "Kazakov,K"]
[Result "1-0"]
[WhiteElo "2699"]
[BlackElo "2307"]

1.c4 e6 2.g3 d5 3.Bg2 Nf6 4.Nf3 Be7 5.b3 O-O 6.O-O b6 7.Bb2 Bb7 8.e3 Nbd7
9.Qe2 Bd6 10.Nc3 a6 11.Rfd1 Re8 12.d4 Qe7 13.Rac1 Rad8 14.h3 h6 15.Qc2 Rc8
16.Qb1 c6 17.Nh4 Ba3 18.Kh2 Bxb2 19.Qxb2 Nf8 20.f4 g6 21.Na4 N8d7 22.c5 bxc5
23.Nxc5 Nxc5 24.Rxc5 Nd7 25.Rc2 c5 26.Rdc1 cxd4 27.Qxd4 e5 28.Qa7 Rb8 29.Rc7 exf4
30.exf4 Bc8 31.Qxb8  1-0

[Event "Czech Open G1 Rapid 2013"]
[Site "Pardubice CZE"]
[Date "2013.07.17"]
[Round "3.1"]
[White "Movsesian,S"]
[Black "Lalic,B"]
[Result "1/2-1/2"]
[WhiteElo "2699"]
[BlackElo "2489"]

1.c4 e6 2.g3 d5 3.Bg2 Nf6 4.Nf3 dxc4 5.Qa4+ c6 6.Qxc4 b5 7.Qc2 Bb7 8.O-O Nbd7
9.a4 Rc8 10.Nc3 a6 11.d3 Be7 12.h3 O-O 13.Be3 Nd5 14.Nxd5 cxd5 15.Qb3 Nc5
16.Bxc5 Bxc5 17.d4 Bd6 18.axb5 Qb6 19.e3 axb5 20.Rfc1 h6 21.Bf1 b4 22.Qa4 Ra8
23.Qb5 Qxb5 24.Bxb5 Rxa1 25.Rxa1 Ra8 26.Rxa8+ Bxa8 27.Kf1 f6 28.Ke2 e5 29.Kd2 Bb7
30.h4 Kf7 31.Ne1 Bc8 32.Kc2 Bg4 33.Ba4 Ke7 34.Bb3 Be6 35.Ba2 g5 36.hxg5 fxg5
37.dxe5 Bxe5 38.Nd3 Bf5  1/2-1/2

[Event "Czech Open G1 Rapid 2013"]
[Site "Pardubice CZE"]
[Date "2013.07.18"]
[Round "4.4"]
[White "Piorun,K"]
[Black "Movsesian,S"]
[Result "0-1"]
[WhiteElo "2566"]
[BlackElo "2699"]

1.d4 d5 2.c4 c6 3.Nc3 Nf6 4.e3 a6 5.Nf3 b5 6.c5 g6 7.Be2 Bg7 8.O-O O-O 9.Ne5 Nfd7
10.f4 Nxe5 11.fxe5 f6 12.exf6 exf6 13.e4 b4 14.Na4 dxe4 15.Qb3+ Kh8 16.Qxb4 a5
17.Qb3 Ba6 18.Bxa6 Nxa6 19.Be3 Nb4 20.Nb6 Ra7 21.Rad1 Nd3 22.d5 a4 23.Qc3 cxd5
24.Rxd3 exd3 25.Qxd3 f5 26.Nxd5 Rd7 27.Rd1 Qa8 28.Bd4 Rfd8 29.Bxg7+ Rxg7
30.Qc4 Qc6 31.b4 axb3 32.axb3 Qe6 33.b4 f4 34.c6 g5 35.c7 Rc8 36.Qd4 f3 37.gxf3 g4
38.fxg4 h5 39.g5 Rf8 40.Nf4 Qg4+ 41.Ng2 Qxg5 42.Rd2 Qf5 43.h4 Kh7 44.Qd8 Rfg8
45.b5 Qf3 46.Qd3+ Qxd3 47.Rxd3 Rxc7 48.Rd5 Kh6 49.Rd6+ Rg6 50.Rxg6+ Kxg6
51.Nf4+ Kh6 52.Kf2 Rb7 53.Kg3 Rxb5 54.Kf3 Rb3+ 55.Kf2 Ra3 56.Kg2 Ra8 57.Kg3 Rg8+
58.Kf3 Rg4 59.Ng2 Kg7 60.Ne3 Ra4 61.Ng2 Ra3+ 62.Kf4 Kf6 63.Ne3 Ra4+ 64.Kg3 Ke5
65.Ng2 Ra3+ 66.Kf2 Ke4 67.Ne1 Kf4 68.Ng2+ Kg4 69.Ne3+ Kxh4 70.Ng2+ Kg5 71.Ne3 Kf4
72.Nd5+ Ke5 73.Ne3 Ke4 74.Ng2 Rf3+ 75.Kg1 Rb3 76.Kf2 Kf5 77.Ne3+ Kf4 78.Nd5+ Kg5
79.Ne3 Ra3 80.Nd5 h4 81.Ne3 Kf4 82.Nf1 Ra2+ 83.Kg1 h3 84.Nh2 Rg2+ 85.Kh1 Rf2
86.Kg1 Kg3 87.Ng4 Ra2  0-1

[Event "Czech Open G1 Rapid 2013"]
[Site "Pardubice CZE"]
[Date "2013.07.18"]
[Round "5.2"]
[White "Chernyshov,K"]
[Black "Movsesian,S"]
[Result "1/2-1/2"]
[WhiteElo "2514"]
[BlackElo "2699"]

1.e4 c5 2.Nf3 e6 3.c4 Nc6 4.Nc3 Qb6 5.d3 Nf6 6.g3 d6 7.Bg2 Be7 8.O-O O-O
9.Ne1 Nd4 10.Nc2 Bd7 11.Ne3 a6 12.f4 Qc7 13.g4 Ne8 14.g5 g6 15.h4 Ng7 16.Ng4 f5
17.Nh6+ Kh8 18.Be3 Bc6 19.Rf2 b5 20.Rc1 b4 21.Ne2 Nxe2+ 22.Qxe2 Qb7 23.exf5 exf5
24.Bxc6 Qxc6 25.Re1 Rae8 26.b3 d5 27.cxd5 Qxd5 28.Qc2 Bd6 29.Qc4 Qxc4 30.dxc4 Nh5
31.Rfe2 Nxf4 32.Bxf4 Rxe2 33.Rxe2 Bxf4 34.Kg2 a5 35.Kf3 Bc1 36.Re7 Bb2 37.Nf7+  1/2-1/2

[Event "Czech Open G1 Rapid 2013"]
[Site "Pardubice CZE"]
[Date "2013.07.18"]
[Round "6.3"]
[White "Movsesian,S"]
[Black "Mozharov,M"]
[Result "1-0"]
[WhiteElo "2699"]
[BlackElo "2495"]

1.c4 e5 2.g3 Nf6 3.Bg2 c6 4.d4 Bb4+ 5.Bd2 Bxd2+ 6.Qxd2 d6 7.e3 O-O 8.Ne2 Qe7
9.Nbc3 Nbd7 10.O-O Re8 11.h3 Nf8 12.e4 b6 13.Rad1 Ba6 14.b3 Rad8 15.Qb2 Bb7
16.Qa3 exd4 17.Nxd4 Qc7 18.Nf5 Re6 19.Rd2 a6 20.Rfd1 c5 21.Qb2 Ng6 22.f4 Ne7
23.Nd5 Nexd5 24.cxd5 Ree8 25.g4 Bc8 26.Nxg7 Kxg7 27.g5 Qe7 28.Rd3 Kh8 29.gxf6 Qc7
30.Re3 Rg8 31.e5 Rg6 32.e6 Rdg8 33.Rd2 c4 34.bxc4 Qc5 35.Qc3 Rg3 36.Re2 Bxe6
37.dxe6 Qc6 38.Rxg3  1-0

[Event "Czech Open G1 Rapid 2013"]
[Site "Pardubice CZE"]
[Date "2013.07.18"]
[Round "7.1"]
[White "Sergeev,Vl"]
[Black "Movsesian,S"]
[Result "1/2-1/2"]
[WhiteElo "2436"]
[BlackElo "2699"]

1.d4 d5 2.c4 c6 3.cxd5 cxd5 4.Nc3 e6 5.Nf3 Nc6 6.Bf4 Qb6 7.a3 Nf6 8.Na4 Qd8
9.h3 Ne4 10.Rc1 Qa5+ 11.Nd2 Bd7 12.Nc5 Nxc5 13.dxc5 Bxc5 14.b4 Nxb4 15.axb4 Bxb4
16.Ra1 Qb6 17.e3 O-O 18.Bd3 Bb5 19.Qe2 Bxd3 20.Qxd3 Rfc8 21.Be5 f6 22.Bd4 Qc6
23.O-O Qc2 24.Qxc2 Rxc2 25.Nf3 a5 26.Rfb1 Rc4 27.g4 Ra6 28.Bb2 b5 29.Nd4 Rb6
30.Kg2 e5 31.Nf3 a4 32.Rd1 Rc2 33.Rab1 a3 34.Bxe5 fxe5 35.Rxb4 e4 36.Nd4 Rc4
37.Rb3 b4 38.Rdb1 Ra6 39.Kg3 g5 40.h4 h6 41.hxg5 hxg5 42.Kg2 Ra4 43.Nf5 Kf8
44.Kg3 a2 45.Ra1 Rc3 46.Rxc3 bxc3 47.Nd4 Ke7 48.f4 exf3 49.Kxf3 Ra3 50.Ke2 Kd7
51.Kd1 Ra8 52.Kc2 Kd6 53.Nb5+ Ke5 54.Nxc3 d4 55.exd4+ Kxd4 56.Nxa2 Ke3 57.Kb3 Kf3
58.Rg1 Rd8 59.Kc3 Rc8+ 60.Kd2 Rc4 61.Nc3 Rd4+ 62.Kc2 Rxg4 63.Rf1+ Kg2 64.Rf5 Kh3
65.Kd2 Kh4 66.Ne2 Ra4 67.Ke3 Kg4 68.Rf1 Ra3+ 69.Kd2 Ra2+ 70.Kd3 Ra5 71.Nd4 Re5
72.Rg1+ Kh5 73.Nc2 Kg6 74.Ne3 Ra5 75.Ke4 Ra4+ 76.Kf3 Ra3 77.Re1 Kf6 78.Kg4 Ra4+
79.Kf3 Ra3 80.Rb1 Kg6 81.Rb8 Ra4 82.Rc8 Rf4+ 83.Kg3 Rd4 84.Rc6+ Kh5 85.Nf5 Rd3+
86.Kf2 Kg4 87.Ne3+ Kh5 88.Re6 Rd4 89.Kf3 Rf4+ 90.Kg3 Rd4 91.Re8 Kg6 92.Ng4 Rd3+
93.Kf2 Ra3 94.Rg8+ Kh5 95.Nf6+ Kh6 96.Ne4 Ra5 97.Kf3 Rf5+ 98.Kg3 Re5 99.Nf6 Rf5
100.Ng4+ Kh7 101.Ra8 Kg6 102.Ra6+ Kg7 103.Nf2 Rf6 104.Ra5 Kg6 105.Ne4 Rf5
106.Ra6+ Kg7 107.Rc6 Re5 108.Nc5 Rf5 109.Kg4 Rf6 110.Rc8 Kh6 111.Rh8+ Kg7
112.Rd8 Kh6 113.Nd3 Re6 114.Kf5 Re2 115.Rh8+ Kg7 116.Rh3 Rg2 117.Ne5 Rg1
118.Ng4 Rf1+ 119.Kxg5 Kf7 120.Re3 Rg1 121.Re2 Rf1 122.Nh6+ Kf8 123.Nf5 Ra1
124.Re6 Kf7 125.Re7+ Kf8 126.Re6 Kf7 127.Re7+ Kf8 128.Rd7 Ke8 129.Rb7 Ra6
130.Kf4 Ra5 131.Kg5 Ra6 132.Nd4 Rd6 133.Nb5 Rc6 134.Kf5 Kd8 135.Nd4 Kc8 136.Rg7 Rc7
137.Rg1 Kd7 138.Ne6 Rc2 139.Rd1+ Ke7 140.Nf4 Rc5+ 141.Ke4 Ra5 142.Rh1 Kf6
143.Rh6+ Kg7 144.Rb6 Kf7 145.Rc6 Kg7 146.Nd5 Ra1 147.Kf5 Ra7 148.Kg5 Kf7
149.Kf5 Ra5 150.Rd6 Ra1 151.Rd7+ Kf8 152.Rc7 Rf1+ 153.Ke6 Re1+ 154.Kd6 Rf1
155.Ne3 Rf7 156.Rc5 Kg7 157.Nf5+ Kf6 158.Ne3 Ra7 159.Ng4+ Kg6 160.Ne5+ Kg7
161.Ke6 Ra6+ 162.Kf5 Rf6+ 163.Kg5 Rf1 164.Rc7+ Kf8 165.Kg6 Ke8 166.Nc6 Rf2
167.Re7+ Kf8 168.Re3 Rg2+ 169.Kf6 Rf2+ 170.Ke6 Rh2 171.Nd4 Rh6+ 172.Ke5 Ra6
173.Ne6+ Kf7 174.Nc7 Rh6 175.Rf3+ Ke7 176.Nd5+ Kd7 177.Nf6+ Kc6 178.Rf5 Rh1
179.Ne4 Ra1 180.Rf8 Kd7 181.Nf6+ Ke7 182.Rb8 Re1+ 183.Ne4 Kd7 184.Rb6 Kc7
185.Rh6  1/2-1/2

[Event "Czech Open G1 Rapid 2013"]
[Site "Pardubice CZE"]
[Date "2013.07.18"]
[Round "8.2"]
[White "Movsesian,S"]
[Black "Bryzgalin,K"]
[Result "1-0"]
[WhiteElo "2699"]
[BlackElo "2470"]

1.c4 e5 2.g3 Nf6 3.Bg2 d5 4.cxd5 Nxd5 5.Nf3 Nc6 6.O-O Be7 7.d4 exd4 8.Nxd4 Nxd4
9.Qxd4 Nf6 10.Qa4+ c6 11.Rd1 Bd7 12.Bg5 Qc7 13.Nc3 Be6 14.Qc2 O-O 15.e4 Rfd8
16.h3 Rxd1+ 17.Rxd1 Rd8 18.Be3 Rxd1+ 19.Qxd1 Nd7 20.f4 f6 21.a3 Bc5 22.Bxc5 Nxc5
23.Qd4 Qb6 24.Kh2 Nd7 25.Qd6 Nf8 26.Na4 Qf2 27.Nc5 Bc4 28.Nd7 Nxd7 29.Qxd7 h6
30.Qxb7 Bb5 31.e5 fxe5 32.fxe5 Qe2 33.Qc8+ Kf7 34.Qd7+ Kg6 35.e6  1-0

[Event "Czech Open G1 Rapid 2013"]
[Site "Pardubice CZE"]
[Date "2013.07.18"]
[Round "9.1"]
[White "Movsesian,S"]
[Black "Nabaty,T"]
[Result "1-0"]
[WhiteElo "2699"]
[BlackElo "2586"]

1.c4 b6 2.e4 Bb7 3.Nc3 e6 4.Nf3 Bb4 5.d3 Ne7 6.Bd2 O-O 7.Be2 c5 8.O-O Nbc6
9.a3 Bxc3 10.Bxc3 d5 11.b4 d4 12.Bd2 Nb8 13.bxc5 bxc5 14.Rb1 Bc6 15.Ne5 Be8
16.Rb7 f6 17.Nf3 Bc6 18.Rb2 Nd7 19.a4 a5 20.Qb3 Ra7 21.Qa3 Ba8 22.Ra1 Nc6
23.Ne1 Nb4 24.Nc2 f5 25.exf5 exf5 26.Qb3 f4 27.f3 Ra6 28.Kh1 Rh6 29.Be1 g5
30.Nxb4 axb4 31.a5 Ne5 32.Qd1 g4 33.a6 gxf3 34.Bxf3 Nxf3 35.gxf3 Qd7 36.a7 Qh3
37.Rf2 Re8 38.Bd2 Kf7 39.Bxf4 Rf6 40.Bg3 Re3 41.Kg1 Rfxf3 42.Rxf3+ Rxf3 43.Qe1 Rxd3
44.Qf1+ Qxf1+ 45.Rxf1+ Ke8 46.Bd6 Kd7 47.Rf8 Be4 48.Bxc5 b3 49.Rb8 Rc3 50.Bxd4 Rxc4
51.Be3 Rc3 52.Bd4 Rd3 53.Bf6 Ke6 54.Rb6+ Kf5 55.Kf2 Rh3 56.Bd4 Rxh2+ 57.Kg3 Rd2
58.Rb5+ Kg6 59.Be3 Rd3 60.Kf4 Bh1 61.Rg5+ Kf6 62.Rh5 Ba8 63.Rh6+ Kg7 64.Rb6 Bh1
65.Rb8 Rd7 66.Rxb3 Rb7 67.Bd4+ Kf7  1-0

[Event "TCh-CZE Extraliga 2013-14"]
[Site "Pardubice CZE"]
[Date "2014.01.18"]
[Round "5.1"]
[White "Movsesian,S"]
[Black "Mista,A"]
[Result "1/2-1/2"]
[WhiteElo "2700"]
[BlackElo "2582"]

1.e4 e5 2.Nf3 Nc6 3.Bb5 a6 4.Ba4 Nf6 5.O-O Be7 6.d3 b5 7.Bb3 d6 8.a3 O-O
9.Nc3 Na5 10.Ba2 Be6 11.Bg5 c5 12.Bxf6 Bxf6 13.b4 Nc6 14.Nd5 g6 15.Qd2 Bg4
16.Qe3 Nd4 17.Nxd4 cxd4 18.Qg3 Be6 19.f4 exf4 20.Qxf4 Bg5 21.Qf3 Rc8 22.Qe2 a5
23.a4 bxa4 24.b5 Rc5 25.Rab1 Qe8 26.Qf3 Bxd5 27.Bxd5 Rxb5 28.Rxb5 Qxb5 29.Qg3 Be7
30.h4 Kg7 31.h5 Qb4 32.Qf4 h6 33.Qg4 Qd2 34.Rxf7+ Rxf7 35.Qxg6+ Kh8 36.Qxf7 Qe1+
37.Kh2 Qh4+ 38.Kg1 Qe1+ 39.Kh2  1/2-1/2

[Event "TCh-CZE Extraliga 2013-14"]
[Site "Pardubice CZE"]
[Date "2014.01.19"]
[Round "6.1"]
[White "Miton,K"]
[Black "Movsesian,S"]
[Result "1/2-1/2"]
[WhiteElo "2597"]
[BlackElo "2700"]

1.d4 Nf6 2.c4 e6 3.Nf3 d5 4.g3 Be7 5.Bg2 O-O 6.O-O dxc4 7.Qc2 a6 8.a4 Bd7
9.Qxc4 Bc6 10.Bg5 Nbd7 11.Nc3 h6 12.Bxf6  1/2-1/2

[Event "TCh-CZE Extraliga 2013-14"]
[Site "Litovel CZE"]
[Date "2014.03.21"]
[Round "9.1"]
[White "Krejci,Jan2"]
[Black "Movsesian,S"]
[Result "1/2-1/2"]
[WhiteElo "2527"]
[BlackElo "2700"]

1.d4 Nf6 2.c4 e6 3.Nc3 Bb4 4.Qc2 d5 5.cxd5 exd5 6.Bg5 h6 7.Bh4 O-O 8.e3 c5
9.dxc5 Be6 10.Nf3 Nbd7 11.a3 Bxc5 12.Be2 Rc8 13.O-O Bd6 14.Nd4 Nc5 15.Bf3 Be5
16.Rad1 Ncd7 17.Qb1 Qc7 18.Kh1 a6 19.Nde2 Qc4 20.Bg3 Bxg3 21.hxg3 Ne5 22.Nf4 Rfd8
23.Rd4 Qc5 24.Rfd1 Nc6 25.R4d2 Ne7 26.Kg1  1/2-1/2

[Event "TCh-CZE Extraliga 2013-14"]
[Site "Karvina CZE"]
[Date "2014.03.22"]
[Round "10.1"]
[White "Movsesian,S"]
[Black "Jurcik,Mari"]
[Result "1/2-1/2"]
[WhiteElo "2700"]
[BlackElo "2481"]

1.e4 c5 2.Nc3 Nc6 3.Nf3 e5 4.Bc4 Be7 5.d3 d6 6.Nd2 Nf6 7.Nf1 O-O 8.Ne3 Nd7
9.a3 Nb6 10.Ba2 Bg5 11.O-O Be6 12.Ncd5 Bxe3 13.fxe3 Ne7 14.Qf3 Nbxd5 15.exd5 Bd7
16.b4 b6 17.Bb2 Ng6 18.d4 cxd4 19.exd4 Qg5 20.c4 Rac8 21.Rae1 exd4 22.Bxd4 f6
23.Qe3 Qh4 24.Qd2 Ne5 25.Rc1 Rfe8 26.Rc3 Nf7 27.Rg3 Ng5 28.Qd3 Qe4 29.Qc3 h6
30.Bb1 Qh4 31.Qd3 f5 32.Re3 Rxe3 33.Qxe3 Re8 34.Qf2 Qg4 35.Kh1 Re2 36.Qg1 Ne4
37.Bd3 Rd2 38.Rf3 Ng5 39.Rg3 Qd1 40.h4 Rxd3 41.Rxd3 Qxd3 42.hxg5 hxg5 43.c5 bxc5
44.bxc5 dxc5 45.Bxc5 Qxd5 46.Qd4 Qxd4 47.Bxd4 a6 48.g3 Kf7 49.Kg2 Bc6+ 50.Kf2 f4
51.Be5 f3 52.Bd6 g4 53.Be5 g6  1/2-1/2

[Event "TCh-CZE Extraliga 2013-14"]
[Site "Trinec CZE"]
[Date "2014.03.23"]
[Round "11.1"]
[White "Michalik,P"]
[Black "Movsesian,S"]
[Result "0-1"]
[WhiteElo "2576"]
[BlackElo "2700"]

1.d4 Nf6 2.c4 e6 3.Nf3 d5 4.Bg5 h6 5.Bh4 Bb4+ 6.Nc3 g5 7.Bg3 Ne4 8.Rc1 h5
9.Qa4+ Nc6 10.cxd5 exd5 11.Ne5 Bd7 12.Nxc6 Bxc3+ 13.bxc3 Bxc6 14.Qb3 h4 15.Be5 f6
16.f3 fxe5 17.fxe4 O-O 18.e3 Kg7 19.Bb5 Qd6 20.Qa4 Rae8 21.Bxc6 bxc6 22.Rf1 h3
23.gxh3 Qh6 24.Kd2 Qxh3 25.Rxf8 Qg2+ 26.Rf2 Qxf2+ 27.Kd3 dxe4+ 28.Kc4 Qf7+
29.Kb4 Rb8+ 30.Ka5 Qd5+ 31.Ka6 Rb6+  0-1